000 00397nam a2200145Ia 4500
008 230917s9999||||xx |||||||||||||| ||und||
040 _e210083
_aMAIN
041 _aEnglish
082 _a155.5 G271P
100 _aGeetanjali
245 0 _aPerceived partenting style as a correlate of self-confidence, hope and inspiration among adolescents
260 _c2010
300 _a62 p.
942 _cTH
999 _c126050
_d126050